000 00238nam a2200121 i 4500
001 bg
245 0 _aMini-EVN.
260 _aMoska,
_c1975.
040 _cBPK
041 _apol
942 _cKS
008 s pl f |000 0 pol
999 _c18191
_d18191
856 _uhttp://koha.tu.koszalin.pl/cgi-bin/koha/opac-detail.pl?biblionumber=18191
_yKatalog online BPK